[Event "Nova Gorica op 22nd"]
[Site "Nova Gorica"]
[Date "2017.01.27"]
[Round "1"]
[White "Suc, Timothy"]
[Black "Zlatanovic, Srdjan"]
[Result "1-0"]
[WhiteElo "2065"]
[BlackElo "1557"]
[PlyCount "107"]
[EventDate "2017.01.27"]
[EventType "swiss"]
[EventRounds "9"]
[EventCountry "SLO"]
[SourceTitle "CBM 176 Extra"]
[Source "ChessBase"]
[SourceDate "2017.03.02"]
[SourceVersion "1"]
[SourceVersionDate "2017.03.02"]
[SourceQuality "1"]

1. e4 c5 2. Nf3 a6 3. c3 d5 4. exd5 Nf6 5. c4 e6 6. dxe6 Bxe6 7. Nc3 Nc6 8. Be2 Bd6 9. d4 cxd4 10. Nxd4 Qc7 11. Nxe6 fxe6 12. Be3 0-0-0 13. Qb3 Nd7 14. a3 Rhf8 15. g3 Nc5 16. Qc2 Ne5 17. 0-0-0 g6 18. f4 Nc6 19. b4 Nd7 20. c5 Be7 21. Bg4 Rf6 22. Ne4 Rf5 23. Bxf5 exf5 24. Nd6+ Kb8 25. Rd3 Nf6 26. Rhd1 Bxd6 27. cxd6 Qf7 28. Kb1 Rd7 29. Qb3 Qe8 30. Qc4 Qe4 31. Qxe4 Nxe4 32. Kb2 Nd8 33. Kb3 Ne6 34. Rd5 Nd8 35. Bc5 Nf7 36. Kc4 b5+ 37. Kb3 Kb7 38. R5d3 Kc6 39. Rc1 Kb7 40. a4 Nfxd6 41. axb5 axb5 42. Ra1 Kc6 43. Ra6+ Kc7 44. Ra7+ Kc6 45. Rxd7 Kxd7 46. Bxd6 Nxd6 47. Kc3 Ke6 48. Kd4 Ne4 49. Ra3 h6 50. Ra6+ Kf7 51. Rb6 g5 52. Rxb5 Nd6 53. Rd5 Ke6 54. Rxd6+ 1-0

[Event "SLO-chT1 West"]
[Site "Slovenia"]
[Date "2016.12.09"]
[Round "7"]
[White "Suc, Timothy"]
[Black "Srebrnic, Vojko"]
[Result "1-0"]
[WhiteElo "2034"]
[BlackElo "2088"]
[PlyCount "101"]
[EventDate "2016.11.11"]
[EventType "team-tourn"]
[EventRounds "9"]
[EventCountry "SLO"]
[SourceTitle "EXT 2018"]
[Source "ChessBase"]
[SourceDate "2017.10.13"]
[SourceVersion "1"]
[SourceVersionDate "2017.10.13"]
[SourceQuality "1"]
[WhiteTeam "Piran"]
[BlackTeam "Nova Gorica"]
[WhiteTeamCountry "SLO"]
[BlackTeamCountry "SLO"]

1. e4 e5 2. Nf3 Nc6 3. d4 exd4 4. Nxd4 g6 5. Nc3 Bg7 6. Be3 Nf6 7. Qd2 0-0 8. 0-0-0 Re8 9. f3 a6 10. Bc4 d6 11. h4 Nxd4 12. Bxd4 Be6 13. Bxe6 fxe6 14. h5 e5 15. Be3 Nxh5 16. Qd5+ Kh8 17. Qxb7 Nf4 18. Rh2 Qd7 19. Nd5 Ne6 20. Rdh1 h5 21. Qb3 Rab8 22. Qc4 c6 23. Nc3 d5 24. exd5 cxd5 25. Qxd5 Qxd5 26. Nxd5 e4 27. c3 exf3 28. gxf3 Nc7 29. Nxc7 Rxe3 30. Nxa6 Rf8 31. Nb4 Rexf3 32. Kc2 Be5 33. Rxh5+ gxh5 34. Rxh5+ Kg7 35. Rxe5 Kf6 36. Rd5 Ke6 37. Kb3 Rf2 38. a4 Rb8 39. Rd4 Ra8 40. Nd3 Rh2 41. Ka3 Rh1 42. b4 Ra1+ 43. Kb2 Rh1 44. a5 Rg8 45. Kb3 Rb1+ 46. Kc4 Ra1 47. Nc5+ Ke7 48. Rd7+ Ke8 49. Kb5 Rg5 50. Rd4 Rg3 51. c4 1-0

[Event "SLO-chT1 West"]
[Site "Slovenia"]
[Date "2016.11.27"]
[Round "6"]
[White "Suc, Timothy"]
[Black "Biti, Ozren"]
[Result "0-1"]
[WhiteElo "2034"]
[BlackElo "2354"]
[PlyCount "42"]
[EventDate "2016.11.11"]
[EventType "team-tourn"]
[EventRounds "9"]
[EventCountry "SLO"]
[SourceTitle "EXT 2018"]
[Source "ChessBase"]
[SourceDate "2017.10.13"]
[SourceVersion "1"]
[SourceVersionDate "2017.10.13"]
[SourceQuality "1"]
[WhiteTeam "Piran"]
[BlackTeam "Posocje"]
[WhiteTeamCountry "SLO"]
[BlackTeamCountry "SLO"]

1. e4 d6 2. d4 Nf6 3. Nc3 e5 4. Nge2 Be7 5. g3 c6 6. Bg2 b5 7. a3 0-0 8. 0-0 Nbd7 9. h3 h5 10. d5 cxd5 11. Nxd5 Nxd5 12. exd5 Nf6 13. Nc3 a6 14. Bg5 g6 15. f4 exf4 16. Rxf4 Nd7 17. Bxe7 Qxe7 18. Qf1 Re8 19. a4 bxa4 20. Raxa4 f5 21. Nb5 Nb6 0-1

[Event "SLO-chT1 West"]
[Site "Slovenia"]
[Date "2016.11.25"]
[Round "4"]
[White "Ivetic, Saso"]
[Black "Suc, Timothy"]
[Result "1-0"]
[WhiteElo "2015"]
[BlackElo "2034"]
[PlyCount "43"]
[EventDate "2016.11.11"]
[EventType "team-tourn"]
[EventRounds "9"]
[EventCountry "SLO"]
[SourceTitle "EXT 2018"]
[Source "ChessBase"]
[SourceDate "2017.10.13"]
[SourceVersion "1"]
[SourceVersionDate "2017.10.13"]
[SourceQuality "1"]
[WhiteTeam "Kocevje Inotherm"]
[BlackTeam "Piran"]
[WhiteTeamCountry "SLO"]
[BlackTeamCountry "SLO"]

1. e4 c5 2. Nf3 d6 3. d4 cxd4 4. Nxd4 Nf6 5. Nc3 e6 6. Bd3 e5 7. Nde2 Be7 8. 0-0 0-0 9. Ng3 b5 10. f4 Nc6 11. Nd5 Nxd5 12. exd5 Nb4 13. Bxh7+ Kxh7 14. c3 Qb6+ 15. Kh1 Nxd5 16. Qxd5 Bb7 17. Qd1 Qc6 18. Rf2 g6 19. f5 Kg7 20. Qg4 Bc8 21. Bg5 f6 22. Bh6+ 1-0

[Event "Chioggia op-A 11th"]
[Site "Chioggia"]
[Date "2016.10.07"]
[Round "1"]
[White "Cappelletto, Joshuaede"]
[Black "Suc, Timothy"]
[Result "1-0"]
[WhiteElo "1878"]
[BlackElo "2061"]
[PlyCount "41"]
[EventDate "2016.10.07"]
[EventType "swiss"]
[EventRounds "5"]
[EventCountry "ITA"]
[SourceTitle "EXT 2022"]
[Source "ChessBase"]
[SourceDate "2021.10.06"]
[SourceVersion "1"]
[SourceVersionDate "2021.10.06"]
[SourceQuality "1"]

1. e4 c5 2. Nc3 a6 3. a4 b6 4. f4 Bb7 5. Nf3 e6 6. Bc4 d5 7. exd5 exd5 8. Ba2 Nf6 9. 0-0 Be7 10. d4 c4 11. Bb1 0-0 12. Ne2 Nc6 13. Ng3 Ne4 14. c3 Na5 15. Bc2 Nxg3 16. hxg3 b5 17. Ne5 Bf6 18. Kf2 Nb3 19. Bxh7+ Kxh7 20. Qh5+ Kg8 21. Rh1 1-0